Quản trị SQL Server 2000

Cuốn sách Quản Trị SQL Server 2000 này ra đời nhằm hỗ trợ cho bạn đọc từ khía cạnh quản trị đến thiết kế và phát triển cũng như xây dựng cơ chế bảo mật cơ sở dữ liệu ở cấp độ cơ bản đến nâng cao....

Volledige beschrijving

Bewaard in:
Bibliografische gegevens
Hoofdauteur: Phạm, Hữu Khang
Formaat: Boek
Taal:Undetermined
Gepubliceerd in: Hà Nội Thống Kê 2005
Onderwerpen:
Tags: Voeg label toe
Geen labels, Wees de eerste die dit record labelt!
Thư viện lưu trữ: Trung tâm Học liệu Trường Đại học Cần Thơ
LEADER 00943nam a2200193Ia 4500
001 CTU_89100
008 210402s9999 xx 000 0 und d
082 |a 005.758 
082 |b Kh106 
100 |a Phạm, Hữu Khang 
245 0 |a Quản trị SQL Server 2000 
245 0 |c Phạm Hữu Khang; Đoàn Thiện Ngân hiệu đính 
260 |a Hà Nội 
260 |b Thống Kê 
260 |c 2005 
520 |a Cuốn sách Quản Trị SQL Server 2000 này ra đời nhằm hỗ trợ cho bạn đọc từ khía cạnh quản trị đến thiết kế và phát triển cũng như xây dựng cơ chế bảo mật cơ sở dữ liệu ở cấp độ cơ bản đến nâng cao. 
650 |a Client/ server computing,Database administration,Sql ( computer program language ) 
904 |i M.Loan (Qhieu) 
980 |a Trung tâm Học liệu Trường Đại học Cần Thơ